The seeds of dictoyledons /
Guardado en:
| Autor Principal: | |
|---|---|
| Formato: | Libro |
| Idioma: | English |
| Publicado: |
Cambridge :
Cambridge university press,
1976.
|
| Etiquetas: |
Agregar Etiqueta
Sin Etiquetas, Sea el primero en etiquetar este registro!
|
| LEADER | 00448nam a22001455a 4500 | ||
|---|---|---|---|
| 001 | EUN.um028021 | ||
| 003 | AR-BaUNS | ||
| 005 | 20050623122904.0 | ||
| 008 | 041125s1976####xxka##########000#0#eng#d | ||
| 245 | 1 | 4 | |a The seeds of dictoyledons / |c Edred J. Corner. |
| 260 | |a Cambridge : |b Cambridge university press, |c 1976. | ||
| 300 | |a v. : |b ilus. ; |c 25 cm. | ||
| 100 | 1 | |a Corner, Edred J. | |
| 082 | 0 | 4 | |a 583 |
| 859 | |a Ar-BaUNS |b BIB. CENTRAL - Sector C |h 583 |i C815 |p 82474/979 |v v.1 | ||
